000 00649nam a2200277Ia 4500
005 20260324141519.0
008 008 260324s9999 xx 000 0 eng d
020 _a9780429434372
037 _aEBOOK
040 _aCRL
040 _beng
040 _cCRL
041 _2eng
041 _aeng
084 _qCRL
100 _aPartha S. Ghosh
_91208473
245 0 _aRivalry and Revolution in South and East Asia
260 _bTaylor and Francis
260 _c1997
365 _a
365 _b135
856 _uhttp://www.taylorfrancis.com/books/9780429434372
942 _cEBOOK
999 _c1811654
_d1811654